Usos amorosos de la postguerra española /

La escritora española Carmen Martín Gaite (Salamanca, 1925 – Madrid, 2000) estudió en Usos amorosos del dieciocho en España (1972), ensayo e investigación histórico-literaria al unísono, la práctica del cortejo y otras costumbres que regulaban las relaciones entre los sexos en la España borbónica de...

Повний опис

Збережено в:
Бібліографічні деталі
Автор: Martín Gaite, Carmen (autor)
Формат: Книга
Мова:Іспанська
Опубліковано: Barcelona, España : Anagrama, 1987, c1987
Редагування:6a edición
Серія:(Argumentos ; 85)
Предмети:
Теги: Додати тег
Немає тегів, Будьте першим, хто поставить тег для цього запису!

MARC

LEADER 00000nam^a2200000^a^4500
001 000184943
005 20250521000000.0
009 20260310102133.92
020 |a 84-339-0085-4 
037 |a Acervo ITESO - Biblioteca 
041 |a ESP 
082 |a 305. 310946082  |b MAR 
100 |a Martín Gaite, Carmen  |e (autor) 
245 1 0 |a Usos amorosos de la postguerra española /  |c C. Martín Gaite. 
250 |a 6a edición 
264 4 |a Barcelona, España :  |b Anagrama,  |c 1987, c1987 
300 |a 219 p. 
336 |a texto  |b txt  |2 rdacontenido 
337 |a sin mediación  |b n  |2 rdamedio 
338 |a volumen  |b nc  |2 rdasoporte 
440 1 |a (Argumentos ;  |v 85) 
520 |a La escritora española Carmen Martín Gaite (Salamanca, 1925 – Madrid, 2000) estudió en Usos amorosos del dieciocho en España (1972), ensayo e investigación histórico-literaria al unísono, la práctica del cortejo y otras costumbres que regulaban las relaciones entre los sexos en la España borbónica de la segunda mitad del siglo XVIII. Antes de su publicación, Martín Gaite lo presentó ese mismo año como trabajo de tesis doctoral con el título Lenguaje y estilo amorosos en los textos del siglo XVIII español. Interesada en forma permanente en la historia del entorno privado-doméstico de su país, la escritora salmantina presentaría en 1987 su libro Usos amorosos de la postguerra española. 
649 |a XX 
650 |a Mujeres -  |z España -  |x Historia -  |x Tema Principal 
650 |a Ensayos Españoles 
650 |a Literatura de Mujeres -  |z España 
650 |a Literatura Española -  |y Siglo XX 
650 |a Amor -  |z España -  |x Historia -  |y Franquismo, 1939-1975 -  |x Tema Principal 
650 |a Amor -  |z España -  |x Historia -  |y Siglo XX 
650 |a Matrimonio -  |z España -  |x Historia 
650 |a Relaciones de Pareja -  |z España -  |x Historia 
650 |a Relaciones Intergénero -  |z España -  |x Historia 
650 |a Roles de Género -  |z España -  |x Historia 
650 |a Sexualidad y Religión -  |z España -  |x Historia 
650 |a Prácticas Culturales -  |z España -  |x Historia 
650 |a Vida Privada -  |z España -  |x Historia 
650 |a Vida Cotidiana -  |z España -  |x Historia 
650 |a Historia Social -  |z España 
650 |a España -  |x Historia -  |y Franquismo, 1939-1975 
650 |a España -  |x Historia -  |y Siglo XX 
910 |a Fondo General 
920 |a Impresos - Libros 
930 |a Colección General 
905 |a 101 
901 |a 0500126095  |b IT1  |c ACC  |u 20250521 
902 |a https://opac.biblio.iteso.mx/vufind/Record/000184943